000 00352nam a2200157Ia 4500
008 210210b1937 xxu||||| |||| 00| 0 eng d
041 _aeng
082 _a954/173
100 _aKINCAID (Dennis)
245 _aGrand rebel
260 _aCalcutta
_bCollins
_c1937
650 _arebel
650 _aGrand
690 _aIndian History
906 _a025931
999 _c151845
_d151845